[Event "Olimpiade 2014 - Open"]
[Site "Tromsø"]
[Date "08.08.2014"]
[Round "6.2"]
[Board "3"]
[White "Markus, Robert"]
[Black "Iotov, Valentin"]
[Result "1/2-1/2"]
[WhiteTitle "GM"]
[BlackTitle "GM"]
[WhiteElo "2602"]
[BlackElo "2553"]
[WhiteTeam "Serbia"]
[BlackTeam "Bulgaria"]
[WhiteFideId "921637"]
[BlackFideId "2906074"]
[EventDate "2014.08.02"]

1. Nf3 d5 2. g3 c6 3. Bg2 Bg4 4. d3 Nd7 5. h3 Bh5 6. O-O e6 7. e4 Bd6 8. exd5
cxd5 9. c4 Ne7 10. Nc3 O-O 11. cxd5 exd5 12. d4 Rc8 13. Qb3 Nb6 14. Be3 Nc4 15.
Bg5 f6 16. Bc1 Qd7 17. Qb5 Qxb5 18. Nxb5 Bb8 19. b3 Nd6 20. Ba3 Nxb5 21. Bxe7
Rfe8 22. Rfe1 Nc3 23. Bb4 Ne4 24. Nh4 Bg6 25. Rac1 f5 26. Rxc8 Rxc8 27. g4 fxg4
28. Nxg6 hxg6 29. hxg4 Re8 30. Bf1 Kf7 31. Bb5 Re6 32. f3 Bd6 33. Bxd6 Nxd6 34.
Rxe6 Kxe6 35. Bd3 g5 1/2-1/2

[Event "Olimpiade 2014 - Open"]
[Site "Tromsø"]
[Date "08.08.2014"]
[Round "6.2"]
[Board "4"]
[White "Dimitrov, Radoslav"]
[Black "Indjic, Aleksandar"]
[Result "0-1"]
[WhiteTitle "IM"]
[BlackTitle "GM"]
[WhiteElo "2461"]
[BlackElo "2539"]
[WhiteTeam "Bulgaria"]
[BlackTeam "Serbia"]
[WhiteFideId "2908549"]
[BlackFideId "911925"]
[EventDate "2014.08.02"]

1. e4 d6 2. Nc3 Nf6 3. f4 d5 4. e5 d4 5. Nce2 d3 6. exf6 dxe2 7. Qxe2 gxf6 8.
Nf3 c5 9. Qb5+ Nd7 10. d4 a6 11. Qa4 Qc7 12. Be3 cxd4 13. Nxd4 e5 14. Nf5 b5 15.
Bxb5 Rb8 16. Bc6 Rb4 17. Bxd7+ Bxd7 18. Ng7+ Kd8 19. Qxa6 Bxg7 20. O-O-O Ke7 21.
Qa3 Rb8 22. Bd2 Qc5 23. Bxb4 Qxb4 24. Qxb4+ Rxb4 25. g3 exf4 26. Rhe1+ Be6 27.
b3 f5 28. c4 Bc3 29. Re2 fxg3 30. Kc2 Bg7 31. hxg3 Rb8 32. Rd5 Kf6 33. Rb5 Ra8
34. a4 Kg5 35. Kd3 Kg4 36. Rb7 Bf6 37. Ra2 Kxg3 38. a5 f4 39. a6 Bf5+ 40. Kd2 f3
41. Ra5 Bg6 42. Rb6 Bd8 43. c5 f2 0-1

[Event "Olimpiade 2014 - Open"]
[Site "Tromsø"]
[Date "08.08.2014"]
[Round "6.4"]
[Board "2"]
[White "Kotsur, Pavel"]
[Black "Bruzon Batista, Lazaro"]
[Result "0-1"]
[WhiteTitle "GM"]
[BlackTitle "GM"]
[WhiteElo "2559"]
[BlackElo "2664"]
[WhiteTeam "Kazakhstan"]
[BlackTeam "Cuba"]
[WhiteFideId "13700278"]
[BlackFideId "3503739"]
[EventDate "2014.08.02"]

1. d4 Nf6 2. c4 e6 3. Nc3 Bb4 4. e3 O-O 5. Bd3 d5 6. Nf3 c5 7. O-O dxc4 8. Bxc4
Nc6 9. a3 Ba5 10. Bd3 h6 11. Bc2 cxd4 12. exd4 Bc7 13. Be3 b6 14. Qd2 Ne7 15.
Rad1 Nf5 16. Bf4 Bxf4 17. Qxf4 Ne7 18. Ne5 Bb7 19. Ng4 Nxg4 20. Qxg4 Rc8 21. Rd3
f5 22. Qe2 Ba6 23. Qxe6+ Kh8 24. d5 Bxd3 25. Bxd3 Rf6 26. Qe5 Rc5 27. Qd4 Qd6
28. b4 Rc8 29. Ba6 Rd8 30. Rd1 Nc6 31. Qe3 Ne5 32. f4 Ng4 33. Qd4 Rf7 34. h3 Nf6
35. Be2 Re7 36. Bf3 Ne4 37. Bxe4 fxe4 38. Qe3 Rf8 39. g3 Rc8 40. Rd4 Ree8 41.
Nxe4 Rc2 42. Qd3 Rc1+ 43. Kg2 Qd7 44. d6 Rec8 45. Qf3 R8c2+ 46. Nf2 Rb2 47. Rd3
Rcc2 48. Qa8+ Kh7 49. Qe4+ g6 50. Rf3 Re2 51. Qa8 Rbd2 52. f5 Re8 53. fxg6+ Kxg6 0-1

[Event "Olimpiade 2014 - Open"]
[Site "Tromsø"]
[Date "08.08.2014"]
[Round "6.4"]
[Board "3"]
[White "Quesada Perez, Yuniesky"]
[Black "Kostenko, Petr"]
[Result "1-0"]
[WhiteTitle "GM"]
[BlackTitle "GM"]
[WhiteElo "2649"]
[BlackElo "2461"]
[WhiteTeam "Cuba"]
[BlackTeam "Kazakhstan"]
[WhiteFideId "3504409"]
[BlackFideId "13700669"]
[EventDate "2014.08.02"]

1. e4 e6 2. d4 d5 3. Nc3 Nf6 4. e5 Nfd7 5. f4 c5 6. Nf3 Nc6 7. Be3 cxd4 8. Nxd4
Bc5 9. Qd2 O-O 10. O-O-O a6 11. Qf2 Bxd4 12. Bxd4 b5 13. Be3 Qa5 14. Kb1 b4 15.
Ne2 Qc7 16. Nd4 Nxd4 17. Bxd4 a5 18. Bb5 Ba6 19. Bxd7 Qxd7 20. g4 a4 21. b3 Bb5
22. Rhe1 Qc6 23. Re3 axb3 24. cxb3 Ra3 25. Rc1 Qa6 26. Qd2 Ra8 27. Rc2 Bf1 28.
f5 Bh3 29. Rxh3 exf5 30. Qd3 Qa5 31. Qxf5 h6 32. e6 1-0

[Event "Olimpiade 2014 - Open"]
[Site "Tromsø"]
[Date "08.08.2014"]
[Round "6.4"]
[Board "4"]
[White "Aitbayev, Aslan"]
[Black "Ortiz Suarez, Isan Reynaldo"]
[Result "0-1"]
[WhiteTitle "IM"]
[BlackTitle "GM"]
[WhiteElo "2425"]
[BlackElo "2603"]
[WhiteTeam "Kazakhstan"]
[BlackTeam "Cuba"]
[WhiteFideId "13704613"]
[BlackFideId "3507165"]
[EventDate "2014.08.02"]

1. e4 c5 2. Nf3 d6 3. d4 cxd4 4. Nxd4 Nf6 5. Nc3 a6 6. Be3 e6 7. g4 h6 8. Bg2
Nc6 9. h3 Ne5 10. Qe2 g5 11. O-O-O Qc7 12. f4 gxf4 13. Bxf4 Nfd7 14. Kb1 b5 15.
Qf2 Bb7 16. Nce2 Rh7 17. Bc1 Ng6 18. Rhf1 Nde5 19. Ng3 O-O-O 20. Nh5 Kb8 21. b3
Rc8 22. Bb2 Be7 23. Nf6 Rhh8 24. Rd2 Ka8 25. Ne2 Bd8 26. Ng3 Qe7 27. Ngh5 Ba5
28. Re2 Bc3 29. Bxc3 Rxc3 30. Qd4 Qc7 31. Rd1 Rd8 32. Kb2 Rc8 33. Rdd2 Rc6 34.
Qf2 Qa5 35. Kb1 Qb4 36. Ka1 Rc3 37. Qd4 Qxd4 38. Rxd4 Rxc2 39. Rdd2 R2c3 40. Re1
Nd3 41. Rb1 Rc2 42. Rxc2 Rxc2 43. Bf1 Nc5 44. Rd1 Rf2 45. Bd3 Rf3 46. Bc2 Rxh3
47. b4 Na4 48. Bxa4 bxa4 49. Rxd6 Ne5 50. Rd8+ Ka7 51. Rd1 a3 52. Rg1 Rh2 53.
Kb1 Nd3 54. Rg3 Rb2+ 55. Ka1 Rc2 0-1

[Event "Olimpiade 2014 - Open"]
[Site "Tromsø"]
[Date "08.08.2014"]
[Round "6.5"]
[Board "2"]
[White "Grischuk, Alexander"]
[Black "Filippov, Anton UZB"]
[Result "1-0"]
[WhiteTitle "GM"]
[BlackTitle "GM"]
[WhiteElo "2795"]
[BlackElo "2615"]
[WhiteTeam "Russia"]
[BlackTeam "Uzbekistan"]
[WhiteFideId "4126025"]
[BlackFideId "14200988"]
[EventDate "2014.08.02"]

1. d4 Nf6 2. c4 e6 3. Nf3 Bb4+ 4. Nbd2 O-O 5. a3 Be7 6. e4 d5 7. e5 Nfd7 8. Bd3
c5 9. Qc2 h6 10. O-O Nc6 11. Nb3 cxd4 12. Re1 Qb6 13. Bf4 a5 14. Rad1 Nc5 15.
Nxc5 Qxc5 16. Qe2 Rd8 17. h4 Kf8 18. Rc1 Qb6 19. cxd5 exd5 20. Ng5 hxg5 21. Qh5
Ke8 22. e6 Bxe6 23. Rxe6 gxf4 24. Bf5 g6 25. Rxg6 Qc7 26. Re1 fxg6 27. Qh8+ Kf7
28. Be6# 1-0

[Event "Olimpiade 2014 - Open"]
[Site "Tromsø"]
[Date "08.08.2014"]
[Round "6.5"]
[Board "3"]
[White "Dzhumaev, Marat"]
[Black "Svidler, Peter"]
[Result "1/2-1/2"]
[WhiteTitle "GM"]
[BlackTitle "GM"]
[WhiteElo "2510"]
[BlackElo "2751"]
[WhiteTeam "Uzbekistan"]
[BlackTeam "Russia"]
[WhiteFideId "14200236"]
[BlackFideId "4102142"]
[EventDate "2014.08.02"]

1. e4 c5 2. Nf3 d6 3. d4 cxd4 4. Nxd4 Nf6 5. Nc3 a6 6. f4 g6 7. Nf3 Qa5 8. Bd3
Bg7 9. O-O Nc6 10. Qe1 Bg4 11. Nd2 Be6 12. Kh1 b5 13. f5 Bd7 14. a4 Nd4 15. e5
dxe5 16. Qxe5 Nc6 17. Qe1 Nd4 18. Nde4 Bxf5 19. Nd6+ Kf8 20. Nxf5 Nxf5 21. Bxf5
gxf5 22. Rxf5 Rc8 23. Bd2 Qc7 24. axb5 axb5 25. Rxb5 h5 26. Be3 Ng4 27. Bg1 Bxc3
28. bxc3 Rh6 29. Ra7 Qd8 30. Qh4 f6 31. h3 Ne5 32. Qf4 Nf7 33. Rbb7 Qd6 34. Qxd6
Nxd6 35. Rxe7 Nf5 36. Rf7+ Kg8 37. Bd4 Nxd4 38. cxd4 Rxc2 39. Rg7+ Kh8 40. Kh2
Rd2 41. Rgd7 Rg6 42. Ra8+ Rg8 43. Rxg8+ Kxg8 44. Kg3 Kf8 45. Kf3 Ke8 46. Rd5 Ke7
47. Ke4 Re2+ 48. Kd3 Rxg2 49. Rxh5 Ke6 50. Rh8 Rh2 51. Ke3 f5 52. Rh6+ Kd5 53.
Rh4 Rh1 54. Kf2 Rd1 55. Ke3 Re1+ 56. Kf3 Rf1+ 57. Kg3 Rd1 58. Rh8 Ke6 59. Rh6+
Kd5 60. Kf4 Rf1+ 61. Ke3 Re1+ 62. Kf4 Rf1+ 63. Kg5 Kxd4 64. Re6 f4 65. Kg4 f3
66. Kg3 f2 67. Re2 Kd3 68. Kf3 Rh1 69. Re3+ Kd4 70. Kxf2 Rh2+ 71. Kg1 1/2-1/2

[Event "Olimpiade 2014 - Open"]
[Site "Tromsø"]
[Date "08.08.2014"]
[Round "6.5"]
[Board "4"]
[White "Nepomniachtchi, Ian"]
[Black "Vakhidov, Jahongir"]
[Result "1-0"]
[WhiteTitle "GM"]
[BlackTitle "IM"]
[WhiteElo "2714"]
[BlackElo "2471"]
[WhiteTeam "Russia"]
[BlackTeam "Uzbekistan"]
[WhiteFideId "4168119"]
[BlackFideId "14201801"]
[EventDate "2014.08.02"]

1. e4 g6 2. d4 Bg7 3. Nc3 d6 4. Be3 c6 5. a4 a5 6. Nf3 Qb6 7. Rb1 Nf6 8. h3 O-O
9. Be2 Qc7 10. O-O e5 11. d5 Na6 12. Nd2 Nc5 13. Bf3 cxd5 14. exd5 Bd7 15. Ra1
Ne8 16. Be2 f5 17. Bb5 Rc8 18. Ra3 e4 19. Qe2 Qd8 20. Bxd7 Nxd7 21. f4 exf3 22.
Nxf3 Nc7 23. Rb3 Re8 24. Qd2 Rxe3 25. Qxe3 Nc5 26. Ra3 Qf6 27. Raa1 Re8 28. Qf4
h6 29. Rae1 Rf8 30. h4 Nd7 31. Qc4 Nc5 32. g4 g5 33. hxg5 hxg5 34. Re2 Rf7 35.
Rg2 f4 36. Re1 Re7 37. Rge2 Rxe2 38. Rxe2 Qh6 39. Ne4 Qh3 40. Nexg5 Qxg4+ 41.
Rg2 Qf5 42. Ne6 N5xe6 43. dxe6 Qc5+ 44. Qxc5 dxc5 45. Rg6 Kh7 46. Nh4 Bxb2 47.
e7 c4 48. Kg2 Ba3 49. Re6 Ne8 50. Kf3 Kg8 51. Nf5 Bc5 52. Kxf4 Kf7 53. Rh6 b5
54. axb5 a4 55. Rh8 Bd6+ 56. Kf3 a3 57. Rf8+ 1-0

[Event "Olimpiade 2014 - Open"]
[Site "Tromsø"]
[Date "08.08.2014"]
[Round "6.6"]
[Board "3"]
[White "Stojanovic, Dalibor"]
[Black "Fressinet, Laurent"]
[Result "1/2-1/2"]
[WhiteTitle "GM"]
[BlackTitle "GM"]
[WhiteElo "2503"]
[BlackElo "2708"]
[WhiteTeam "Bosnia & Herzegovina"]
[BlackTeam "France"]
[WhiteFideId "922692"]
[BlackFideId "608742"]
[EventDate "2014.08.02"]

1. e4 e5 2. Nf3 Nc6 3. Bb5 a6 4. Ba4 Nf6 5. O-O Be7 6. Re1 b5 7. Bb3 O-O 8. a4
b4 9. d4 d6 10. dxe5 Nxe5 11. Nxe5 dxe5 12. Bg5 h6 13. Bxf6 Bxf6 14. Nd2 Qe7 15.
Bc4 Bg5 16. Nb3 Kh8 17. Qe2 g6 18. Na5 Qf6 19. Qf3 Qxf3 20. gxf3 Bd7 21. Red1
Be8 22. Bd5 Rb8 23. Nc6 Bxc6 24. Bxc6 Rb6 25. Bd5 a5 26. Bc4 Rc6 27. b3 Rd8 28.
Rxd8+ Bxd8 29. Rd1 Rd6 30. Rxd6 cxd6 31. Bxf7 Kg7 32. Bd5 Kf6 33. Kf1 Kg5 34.
Ke2 Kf4 35. Bf7 g5 36. Bh5 Bb6 37. h3 Bc5 38. Bg4 Bb6 39. Bd7 h5 40. Be8 h4 41.
Bd7 Bc5 42. Bg4 Bd4 43. Kd3 Bxf2 44. Kc4 Bb6 45. Kd5 Bd8 46. Kxd6 Bb6 47. Kd5
Bd8 48. Kc6 Ke3 49. Kd5 Kf4 50. Kc6 Ke3 51. Kd5 1/2-1/2

[Event "Olimpiade 2014 - Open"]
[Site "Tromsø"]
[Date "08.08.2014"]
[Round "6.6"]
[Board "4"]
[White "Tkachiev, Vladislav"]
[Black "Kadric, Denis"]
[Result "1/2-1/2"]
[WhiteTitle "GM"]
[BlackTitle "IM"]
[WhiteElo "2624"]
[BlackElo "2473"]
[WhiteTeam "France"]
[BlackTeam "Bosnia & Herzegovina"]
[WhiteFideId "618438"]
[BlackFideId "14403803"]
[EventDate "2014.08.02"]

1. d4 d6 2. Nf3 g6 3. g3 Bg7 4. Bg2 f5 5. O-O Nf6 6. c4 O-O 7. Nc3 Qe8 8. d5 Na6
9. Be3 c6 10. Qd2 Ng4 11. Bf4 e5 12. dxe6 Bxe6 13. b3 Rd8 14. h3 Nf6 15. Bh6
Bxh6 16. Qxh6 Nc5 17. Rad1 Qe7 18. Qe3 Rfe8 19. Nd4 Bf7 20. Qxe7 Rxe7 21. Bxc6
bxc6 22. Nxc6 Red7 23. Nxd8 Rxd8 24. Rd4 Nfe4 25. Nxe4 Nxe4 26. Rc1 Re8 27. Rc2
g5 28. b4 Rb8 29. c5 d5 30. a4 Kf8 31. g4 f4 32. f3 Nf6 33. h4 h6 34. b5 Ke7 35.
c6 Ne8 36. hxg5 hxg5 37. Kf2 Nc7 38. Rb4 Kd6 39. Rc1 Be8 40. Rb2 Rb6 41. Rbb1 a6
42. Rh1 axb5 43. axb5 Rxb5 44. Rh6+ Kc5 45. Rxb5+ Kxb5 46. Rh5 Ne6 47. Rh6 Nc7
48. Rf6 Kc5 49. Ke1 Kb6 50. Kd2 Kc5 51. Kc3 Nb5+ 52. Kd2 Nc7 53. Kd3 Nb5 1/2-1/2

[Event "Olimpiade 2014 - Open"]
[Site "Tromsø"]
[Date "08.08.2014"]
[Round "6.7"]
[Board "1"]
[White "Saric, Ivan"]
[Black "Megaranto, Susanto"]
[Result "1/2-1/2"]
[WhiteTitle "GM"]
[BlackTitle "GM"]
[WhiteElo "2671"]
[BlackElo "2527"]
[WhiteTeam "Croatia"]
[BlackTeam "Indonesia"]
[WhiteFideId "14508150"]
[BlackFideId "7101384"]
[EventDate "2014.08.02"]

1. e4 e5 2. Nf3 Nc6 3. Bb5 Nf6 4. d3 Bc5 5. c3 O-O 6. O-O d6 7. Bg5 h6 8. Bh4
Bg4 9. h3 Bxf3 10. Qxf3 g5 11. Bg3 Nh7 12. Nd2 Qf6 13. Rfd1 Qxf3 14. Nxf3 f5 15.
exf5 Rxf5 16. d4 exd4 17. cxd4 Bb6 18. d5 Ne7 19. a4 a5 20. Re1 Rf7 21. Re6 Nf5
22. Kh1 Nf8 23. Re2 Nd7 24. Bh2 Nf6 25. Rd1 Re7 26. g4 Rxe2 27. Bxe2 Ne7 28. Kg2
Kh8 29. Bc4 Rf8 30. Bg3 Ng6 31. Re1 Kg7 32. b3 Rf7 33. Re6 Nf8 34. Re2 Ng6 35.
Re1 Re7 36. Re6 Rxe6 37. dxe6 Ne4 38. h4 Kf6 39. hxg5+ hxg5 40. Bd3 Nxg3 41.
Bxg6 Ne2 42. Bf5 Nf4+ 43. Kg3 Ne2+ 44. Kg2 Nf4+ 45. Kg3 Ne2+ 46. Kg2 1/2-1/2

[Event "Olimpiade 2014 - Open"]
[Site "Tromsø"]
[Date "08.08.2014"]
[Round "6.7"]
[Board "2"]
[White "Farid, Firman Syah"]
[Black "Stevic, Hrvoje"]
[Result "0-1"]
[WhiteTitle "IM"]
[BlackTitle "GM"]
[WhiteElo "2400"]
[BlackElo "2606"]
[WhiteTeam "Indonesia"]
[BlackTeam "Croatia"]
[WhiteFideId "7102526"]
[BlackFideId "14502569"]
[EventDate "2014.08.02"]

1. d4 d5 2. Nf3 Nf6 3. c4 dxc4 4. e3 e6 5. Bxc4 a6 6. O-O b5 7. Bb3 Bb7 8. a4
Nbd7 9. Qe2 c5 10. Rd1 Qb8 11. Nbd2 Bd6 12. Bc2 cxd4 13. exd4 O-O 14. Nf1 bxa4
15. Rxa4 a5 16. Ra1 Rc8 17. Bd3 Bd5 18. Bd2 a4 19. Bb5 Bxf3 20. gxf3 a3 21. bxa3
Rxa3 22. Rxa3 Bxa3 23. Ng3 Bd6 24. Kh1 Nf8 25. Rb1 Bf4 26. Be3 Nd5 27. Bd3 Qd6
28. Rg1 Ng6 29. Ne4 Qe7 30. Ng3 Qh4 31. Be4 Rd8 32. Nf1 Qh6 33. Qd2 Nge7 34.
Bxd5 Nxd5 35. Rg4 Qh3 36. Kg1 Bxe3 37. fxe3 Qxf3 38. Qg2 Qf6 39. Qf2 Qh6 40. Qh4
Qxh4 41. Rxh4 Ra8 42. Rh3 Ra1 43. Kf2 Ra2+ 44. Kf3 f5 45. Rg3 Kf7 46. Rg2 Ra3
47. Rf2 g5 48. Ke2 Kg6 49. Rg2 f4 50. h4 Ra2+ 0-1

[Event "Olimpiade 2014 - Open"]
[Site "Tromsø"]
[Date "08.08.2014"]
[Round "6.7"]
[Board "4"]
[White "Setyaki, Azarya Jodi"]
[Black "Zelcic, Robert"]
[Result "1/2-1/2"]
[WhiteTitle "CM"]
[BlackTitle "GM"]
[WhiteElo "2186"]
[BlackElo "2548"]
[WhiteTeam "Indonesia"]
[BlackTeam "Croatia"]
[WhiteFideId "7101589"]
[BlackFideId "14500310"]
[EventDate "2014.08.02"]

1. e4 Nf6 2. e5 Nd5 3. d4 d6 4. Nf3 dxe5 5. Nxe5 c6 6. Be2 g6 7. O-O Bg7 8. c4
Nc7 9. Be3 O-O 10. Nc3 Nd7 11. Nf3 e5 12. d5 f5 13. Bg5 Qe8 14. Qd2 e4 15. Nd4
Qe5 16. dxc6 Qxd4 17. Qxd4 Bxd4 18. cxd7 Bxd7 19. Rad1 Ne6 20. Be3 Bxe3 21. fxe3
Rad8 22. b4 Bc6 23. c5 Rxd1 24. Bxd1 Kg7 25. Bb3 Nc7 26. Bc4 Rd8 27. Rf2 b5 28.
cxb6 axb6 29. b5 Bb7 30. g4 Kf6 31. gxf5 gxf5 32. Bf1 Rg8+ 33. Rg2 Ra8 34. Rd2
Ke7 35. a4 Ne6 36. Kf2 Rc8 37. Ne2 Nc5 38. Nd4 Kf6 39. Nxf5 Kxf5 40. Bh3+ Ke5
41. Bxc8 Bxc8 42. Rd8 Be6 43. Ra8 Bd5 44. Ra7 Bb7 45. a5 bxa5 46. Rxa5 Kd6 47.
Ra1 Kc7 48. Rg1 Nd3+ 49. Ke2 Kb6 50. Rg7 h5 51. Rg6+ Ka5 52. Kd2 Ne5 53. Rh6
Nc4+ 54. Kc3 Nxe3 55. Rxh5 Nd5+ 56. Kd4 Nf4 57. Re5 Ng6 58. Rxe4 1/2-1/2

[Event "Olimpiade 2014 - Open"]
[Site "Tromsø"]
[Date "08.08.2014"]
[Round "6.8"]
[Board "3"]
[White "Yu, Yangyi"]
[Black "Adly, Ahmed"]
[Result "1-0"]
[WhiteTitle "GM"]
[BlackTitle "GM"]
[WhiteElo "2668"]
[BlackElo "2589"]
[WhiteTeam "China"]
[BlackTeam "Egypt"]
[WhiteFideId "8603820"]
[BlackFideId "10601619"]
[EventDate "2014.08.02"]

1. e4 c5 2. Nf3 d6 3. d4 cxd4 4. Nxd4 Nf6 5. Nc3 a6 6. Bg5 e6 7. f4 Bd7 8. Qe2
Nc6 9. O-O-O h6 10. Bh4 Qa5 11. Nb3 Qc7 12. Bxf6 gxf6 13. Qh5 Rh7 14. g3 O-O-O
15. Bh3 Kb8 16. Kb1 Bc8 17. Rd2 Bg7 18. Ne2 Rhh8 19. Rhd1 Qe7 20. f5 Bf8 21.
Nbd4 Rg8 22. Nxc6+ bxc6 23. Nd4 Kc7 24. fxe6 Rg5 25. Qf3 fxe6 26. e5 d5 27. exf6
Qd6 28. Qc3 Kb6 29. Nf3 Rg8 30. Re2 Qc5 31. Qb3+ Qb5 32. Bxe6 Qxb3 33. axb3 Bxe6
34. Rxe6 1-0

[Event "Olimpiade 2014 - Open"]
[Site "Tromsø"]
[Date "08.08.2014"]
[Round "6.8"]
[Board "4"]
[White "El Gindy, Essam"]
[Black "Ni, Hua"]
[Result "0-1"]
[WhiteTitle "GM"]
[BlackTitle "GM"]
[WhiteElo "2486"]
[BlackElo "2666"]
[WhiteTeam "Egypt"]
[BlackTeam "China"]
[WhiteFideId "10600140"]
[BlackFideId "8601160"]
[EventDate "2014.08.02"]

1. d4 Nf6 2. c4 e6 3. Nf3 d5 4. Nc3 Bb4 5. Bg5 h6 6. Bxf6 Qxf6 7. e3 O-O 8. Rc1
dxc4 9. Bxc4 c5 10. dxc5 Nd7 11. O-O Nxc5 12. a3 Bxc3 13. Rxc3 Rd8 14. Qe2 b6
15. Rfc1 Bb7 16. h3 Na4 17. Rb3 Rac8 18. Re1 Bxf3 19. gxf3 Nxb2 20. Qxb2 Qxb2
21. Rxb2 Rxc4 22. Ra1 Rd5 23. f4 Kf8 24. Kg2 Ke7 25. Kf3 Kd6 26. h4 Kc6 27. Rbb1
b5 28. Rh1 h5 29. Rhg1 g6 30. Ra2 a5 31. Ke2 Rc3 32. Rb1 Kc5 33. Rab2 Kb6 34. e4
Rdc5 35. a4 b4 36. Rd2 Rc2 37. Rb3 R5c4 38. f3 Kc5 39. Kd1 Rxd2+ 40. Kxd2 Rd4+
41. Kc2 Kc4 42. Re3 f6 0-1

[Event "Olimpiade 2014 - Open"]
[Site "Tromsø"]
[Date "08.08.2014"]
[Round "6.9"]
[Board "1"]
[White "Le, Quang Liem"]
[Black "Leko, Peter"]
[Result "1/2-1/2"]
[WhiteTitle "GM"]
[BlackTitle "GM"]
[WhiteElo "2710"]
[BlackElo "2740"]
[WhiteTeam "Vietnam"]
[BlackTeam "Hungary"]
[WhiteFideId "12401137"]
[BlackFideId "703303"]
[EventDate "2014.08.02"]

1. d4 Nf6 2. c4 e6 3. Nc3 Bb4 4. Nf3 O-O 5. Bg5 c5 6. d5 exd5 7. cxd5 d6 8. e3
Nbd7 9. Bd3 h6 10. Bh4 Qa5 11. O-O Bxc3 12. bxc3 Qxc3 13. Bg3 Nxd5 14. Bb5 N5f6
15. Bxd6 Re8 16. Rc1 Qa5 17. Qb3 Qb6 18. Rfd1 a6 19. Bxd7 Qxb3 20. axb3 Nxd7 21.
Bxc5 Nxc5 22. Rxc5 Bg4 23. h3 Bxf3 24. gxf3 Rac8 25. Rxc8 Rxc8 26. Rd7 b5 27.
Rd6 Rc3 28. Rxa6 Rxb3 29. f4 b4 30. Rb6 Rb1+ 31. Kg2 b3 1/2-1/2

[Event "Olimpiade 2014 - Open"]
[Site "Tromsø"]
[Date "08.08.2014"]
[Round "6.9"]
[Board "2"]
[White "Balogh, Csaba"]
[Black "Nguyen, Ngoc Truong Son"]
[Result "1/2-1/2"]
[WhiteTitle "GM"]
[BlackTitle "GM"]
[WhiteElo "2637"]
[BlackElo "2634"]
[WhiteTeam "Hungary"]
[BlackTeam "Vietnam"]
[WhiteFideId "718939"]
[BlackFideId "12401110"]
[EventDate "2014.08.02"]

1. e4 e6 2. d4 d5 3. Nd2 c5 4. Ngf3 cxd4 5. Nxd4 Nc6 6. Bb5 Bd7 7. Nxc6 bxc6 8.
Bd3 Bd6 9. Qe2 Ne7 10. Nf3 Ng6 11. e5 Bc7 12. O-O O-O 13. Re1 h6 14. c4 Qe7 15.
Qc2 Bb6 16. Be3 Nh4 17. Nxh4 Bxe3 18. Rxe3 Qxh4 19. Rae1 Rfb8 20. Qe2 a5 21. Rg3
f5 22. exf6 Qxf6 23. b3 a4 24. Bb1 axb3 25. axb3 Rf8 26. h3 e5 27. cxd5 cxd5 28.
Qd3 Bf5 29. Qxd5+ Qf7 30. Qxf7+ Rxf7 31. Bxf5 Rxf5 32. Rge3 Rb8 33. Rc3 Rb5 34.
Re4 Rd5 35. Rc2 Rd1+ 36. Kh2 Rb1 37. b4 Rf4 38. Rxf4 exf4 39. Rc4 g5 40. h4 Kf7
41. h5 Ke6 42. f3 Kd7 43. Kh3 Rh1+ 44. Kg4 Ke6 45. Rc6+ Ke5 46. Rc5+ Ke6 47.
Rc6+ Ke5 48. Rc5+ Ke6 49. Rc6+ Ke5 1/2-1/2

[Event "Olimpiade 2014 - Open"]
[Site "Tromsø"]
[Date "08.08.2014"]
[Round "6.9"]
[Board "3"]
[White "Nguyen, Duc Hoa"]
[Black "Almasi, Zoltan"]
[Result "0-1"]
[WhiteTitle "IM"]
[BlackTitle "GM"]
[WhiteElo "2501"]
[BlackElo "2690"]
[WhiteTeam "Vietnam"]
[BlackTeam "Hungary"]
[WhiteFideId "12401358"]
[BlackFideId "702293"]
[EventDate "2014.08.02"]

1. d4 Nf6 2. c4 e6 3. Nf3 b6 4. g3 Ba6 5. Qb3 d5 6. cxd5 Qxd5 7. Nc3 Qxb3 8.
axb3 Bb7 9. Bg2 a5 10. O-O Na6 11. Bg5 Nd5 12. Rfc1 f6 13. Bf4 O-O-O 14. Bd2 Kb8
15. Nb5 Bb4 16. Bc3 Be7 17. Ne1 Rhe8 18. Nd3 Bf8 19. Bf1 e5 20. e3 c6 21. Na3
exd4 22. exd4 Nab4 23. Nc4 Nxd3 24. Bxd3 g6 25. Bf1 Bh6 26. Re1 Kc7 27. Bg2 Nxc3
28. bxc3 Bc8 29. Ne3 f5 30. Nc4 Be6 31. Ne5 Bxb3 32. Nxc6 Rxe1+ 33. Rxe1 Rd6 34.
Re7+ Rd7 35. Re8 Bd2 36. Na7 Ba4 37. Rc8+ Kd6 38. Nc6 Rc7 39. Rd8+ Rd7 40. Rc8
Bxc3 41. h4 Bb3 42. h5 a4 43. Ne5 Rc7 44. Rd8+ Ke7 45. Ra8 gxh5 46. Ra6 Ba5 47.
d5 a3 48. Nc6+ Rxc6 49. Ra7+ Kf6 0-1

[Event "Olimpiade 2014 - Open"]
[Site "Tromsø"]
[Date "08.08.2014"]
[Round "6.10"]
[Board "1"]
[White "Giri, Anish"]
[Black "Moradiabadi, Elshan"]
[Result "1/2-1/2"]
[WhiteTitle "GM"]
[BlackTitle "GM"]
[WhiteElo "2745"]
[BlackElo "2598"]
[WhiteTeam "Netherlands"]
[BlackTeam "Iran"]
[WhiteFideId "24116068"]
[BlackFideId "12501255"]
[EventDate "2014.08.02"]

1. Nf3 d5 2. g3 Nf6 3. Bg2 Bf5 4. c4 e6 5. cxd5 exd5 6. O-O c6 7. d3 Be7 8. Qb3
Qb6 9. Qc2 Na6 10. Nc3 O-O 11. a3 Nc5 12. Be3 Qd8 13. Nd4 Bc8 14. h3 Ne6 15. b4
a5 16. Qb2 Nd7 17. Nxe6 fxe6 18. f4 Bf6 19. Bf2 axb4 20. axb4 Rxa1 21. Rxa1 g5
22. e4 gxf4 23. gxf4 Bg7 24. Qd2 Qf6 25. Rc1 Qxf4 26. Qxf4 Rxf4 27. exd5 Ne5 28.
Be4 exd5 29. Nxd5 Rf7 30. b5 Bxh3 31. Nb4 Bh6 32. Ra1 1/2-1/2

[Event "Olimpiade 2014 - Open"]
[Site "Tromsø"]
[Date "08.08.2014"]
[Round "6.10"]
[Board "2"]
[White "Idani, Pouya"]
[Black "L'Ami, Erwin"]
[Result "1/2-1/2"]
[WhiteTitle "IM"]
[BlackTitle "GM"]
[WhiteElo "2499"]
[BlackElo "2631"]
[WhiteTeam "Iran"]
[BlackTeam "Netherlands"]
[WhiteFideId "12510130"]
[BlackFideId "1007998"]
[EventDate "2014.08.02"]

1. e4 e5 2. Nf3 Nc6 3. Bb5 Nf6 4. O-O Nxe4 5. d4 Nd6 6. Bxc6 dxc6 7. dxe5 Nf5 8.
Qxd8+ Kxd8 9. Rd1+ Ke8 10. Nc3 Ne7 11. Nd4 Bd7 12. Ne4 Ng6 13. f4 Be7 14. Be3
Rd8 15. a4 a5 16. h3 h5 17. Rd2 Nh4 18. Ng3 g6 19. Rad1 Nf5 20. Ngxf5 gxf5 21.
c4 c5 22. Nb5 Bxb5 23. Rxd8+ Bxd8 24. axb5 b6 25. Kf2 Ke7 26. Kf3 Ke6 27. g3 Be7
28. b3 f6 29. Rd5 a4 30. exf6 Bxf6 31. bxa4 Ra8 32. g4 hxg4+ 33. hxg4 fxg4+ 34.
Kxg4 Rxa4 35. f5+ Ke7 36. Bf4 Rxc4 37. Kf3 Rb4 38. Bxc7 Rxb5 39. Rd6 c4 40. Rxb6
Rxf5+ 41. Ke4 Rf1 42. Rc6 Re1+ 43. Kf3 Rc1 44. Ke2 c3 45. Bd8+ Kxd8 46. Rxf6 c2
47. Kd2 1/2-1/2